[Event "FRA-ch Blitz Online Qual"]
[Site "Europe Echecs INT"]
[Date "2020.05.16"]
[Round "5"]
[White "Bouget, Alexandre"]
[Black "Lebrun, Elias"]
[Result "1-0"]
[WhiteElo "2238"]
[BlackElo "1880"]
[PlyCount "49"]
[EventDate "2020.05.16"]
[EventType "swiss (blitz)"]
[EventRounds "15"]
[EventCountry "FRA"]
[SourceTitle "CBM 196 Extra"]
[Source "ChessBase"]
[SourceDate "2020.07.31"]
[SourceVersion "1"]
[SourceVersionDate "2020.07.31"]
[SourceQuality "1"]

1. d4 Nf6 2. c4 e6 3. Nc3 Bb4 4. Nf3 0-0 5. Bg5 h6 6. Bh4 d5 7. cxd5 exd5 8. e3 Bg4 9. Bd3 Nbd7 10. h3 Bxf3 11. Qxf3 c6 12. 0-0 Be7 13. Qf5 g6 14. Qf3 Kg7 15. Bg3 Nh5 16. Bh2 f5 17. g4 fxg4 18. Qxg4 Qe8 19. Kh1 Ndf6 20. Be5 Kh7 21. Qg2 Rd8 22. Rg1 Bd6 23. Bxg6+ Kh8 24. Bxe8 Rfxe8 25. Bxf6+ 1-0

[Event "FRA-ch Blitz Online Qual"]
[Site "Europe Echecs INT"]
[Date "2020.05.16"]
[Round "2"]
[White "Lebrun, Elias"]
[Black "Boyer, Mahel"]
[Result "0-1"]
[WhiteElo "1880"]
[BlackElo "2294"]
[PlyCount "144"]
[EventDate "2020.05.16"]
[EventType "swiss (blitz)"]
[EventRounds "15"]
[EventCountry "FRA"]
[SourceTitle "CBM 196 Extra"]
[Source "ChessBase"]
[SourceDate "2020.07.31"]
[SourceVersion "1"]
[SourceVersionDate "2020.07.31"]
[SourceQuality "1"]

1. d4 Nf6 2. c4 c5 3. d5 e6 4. Nc3 exd5 5. cxd5 d6 6. e4 g6 7. f4 Bg7 8. Bb5+ Nfd7 9. a4 0-0 10. Nf3 Na6 11. 0-0 Nb4 12. Bd2 a6 13. Be2 Re8 14. Re1 f5 15. exf5 gxf5 16. Bc4 Nb6 17. Bf1 Rxe1 18. Bxe1 Qe7 19. Bd2 h6 20. h3 Bd7 21. a5 Nc8 22. Qe1 Nc2 23. Qxe7 Nxe7 24. Rc1 Nb4 25. Re1 Kf8 26. Nh4 Nexd5 27. Nxd5 Nxd5 28. Bc4 Bd4+ 29. Kh1 Bf2 30. Ng6+ Kg7 31. Re2 Kxg6 32. Rxf2 Nf6 33. Bc3 Ne4 34. Rf3 Bc6 35. Re3 d5 36. Bd3 d4 37. Bxe4 dxe3 38. Bxc6 bxc6 39. Kg1 Re8 40. Kf1 c4 41. Ke2 Re4 42. g3 h5 43. Be5 Kf7 44. Bc3 Ke6 45. Be5 Kd5 46. Bc3 h4 47. gxh4 Rxf4 48. Kxe3 Rxh4 49. Kf3 Rxh3+ 50. Kg2 Rxc3 51. bxc3 Ke4 52. Kg3 Kd3 53. Kf4 Kxc3 54. Kxf5 Kb2 55. Ke4 c3 56. Kd4 c2 57. Kc5 c1Q+ 58. Kb6 Qf1 59. Kxc6 Qb5+ 60. Kc7 Ka3 61. Kc8 Ka4 62. Kc7 Kxa5 63. Kc8 Kb4 64. Kc7 Kc3 65. Kd6 a5 66. Ke6 a4 67. Kd6 a3 68. Kc7 a2 69. Kd6 a1Q 70. Kc7 Qaa6 71. Kd8 Qbb7 72. Ke8 Qaa8# 0-1

[Event "FRA-ch Blitz Online Qual"]
[Site "Europe Echecs INT"]
[Date "2020.05.16"]
[Round "14"]
[White "Lebrun, Elias"]
[Black "Reuillon, Hadrien"]
[Result "1/2-1/2"]
[WhiteElo "1880"]
[BlackElo "1817"]
[PlyCount "152"]
[EventDate "2020.05.16"]
[EventType "swiss (blitz)"]
[EventRounds "15"]
[EventCountry "FRA"]
[SourceTitle "CBM 196 Extra"]
[Source "ChessBase"]
[SourceDate "2020.07.31"]
[SourceVersion "1"]
[SourceVersionDate "2020.07.31"]
[SourceQuality "1"]

1. d4 Nf6 2. c4 g6 3. Nc3 d5 4. cxd5 Nxd5 5. e4 Nxc3 6. bxc3 c5 7. Nf3 Bg7 8. Be3 0-0 9. Be2 Nc6 10. 0-0 Bg4 11. d5 Bxf3 12. Bxf3 Ne5 13. Be2 a6 14. Bxc5 Rc8 15. Bd4 Qe8 16. f4 Nd7 17. Bxg7 Kxg7 18. Qd4+ Kg8 19. e5 e6 20. d6 Qd8 21. Rab1 b5 22. Rfc1 Qa5 23. Rb2 f6 24. c4 fxe5 25. fxe5 Rf5 26. Bg4 Rxe5 27. Re2 Rxe2 28. Bxe2 bxc4 29. Bxc4 Re8 30. Rf1 Qc5 31. Qxc5 Nxc5 32. Kf2 Rd8 33. Rd1 Ne4+ 34. Ke3 Nxd6 35. Bxe6+ Kf8 36. Bb3 Nf5+ 37. Kf4 Rxd1 38. Bxd1 Ke7 39. g4 Nd4 40. Ke4 Ne6 41. h4 Kd6 42. Be2 a5 43. a3 g5 44. h5 h6 45. Kf5 Nd4+ 46. Kg6 Nxe2 47. Kxh6 Ke6 48. Kxg5 Kf7 49. h6 Ng3 50. Kf4 Ne2+ 51. Ke3 Nc1 52. Ke4 Nb3 53. Kf5 Nd2 54. g5 Nc4 55. g6+ Kg8 56. Kf6 Nd6 57. g7 Kh7 58. Ke7 Nf5+ 59. Kf8 Nxh6 60. a4 Kg6 61. g8Q+ Nxg8 62. Kxg8 Kf6 63. Kh7 Ke5 64. Kg6 Kd4 65. Kf5 Kc4 66. Ke4 Kb4 67. Kd4 Kxa4 68. Kc4 Ka3 69. Kc3 Ka2 70. Kc2 a4 71. Kc1 Ka1 72. Kc2 a3 73. Kc1 Ka2 74. Kc2 Ka1 75. Kc1 Ka2 76. Kc2 Ka1 1/2-1/2

[Event "FRA-ch op-B"]
[Site "Chartres"]
[Date "2019.??.??"]
[Round "2"]
[White "Lebrun, Elias"]
[Black "Le Solleu, Guillaume"]
[Result "0-1"]
[WhiteElo "1774"]
[BlackElo "1833"]
[PlyCount "110"]
[EventDate "2019.08.17"]
[EventType "swiss"]
[EventRounds "9"]
[EventCountry "FRA"]
[SourceTitle "EXT 2020"]
[Source "ChessBase"]
[SourceDate "2019.10.17"]
[SourceVersion "1"]
[SourceVersionDate "2019.10.17"]
[SourceQuality "1"]

1. d4 Nf6 2. c4 e6 3. Nc3 Bb4 4. e3 c5 5. Nf3 b6 6. Bd3 Bb7 7. 0-0 Bxc3 8. bxc3 0-0 9. Re1 Ne4 10. Qc2 f5 11. Nd2 Qh4 12. g3 Qf6 13. Ba3 d6 14. f4 Nxd2 15. Qxd2 Nd7 16. e4 cxd4 17. e5 dxe5 18. fxe5 Nxe5 19. Rxe5 Qxe5 20. Re1 dxc3 21. Qf2 Qf6 22. Bd6 Rfd8 23. Be5 Qh6 24. Re3 Rxd3 25. Rxd3 Qc1+ 26. Qf1 Qxf1+ 27. Kxf1 c2 28. Bb2 Be4 29. Rd7 e5 30. Ke2 Rc8 31. Kd2 Rxc4 32. Rxa7 Rc5 33. Rd7 Rd5+ 34. Rxd5 Bxd5 35. Kxc2 Bxa2 36. Bxe5 g5 37. Kc3 b5 38. Bd6 Kf7 39. Kd4 Ke6 40. Bb4 Kf6 41. Bd2 Kg6 42. Ke5 Bb1 43. Kd4 Kh5 44. Ke5 Kg4 45. Kd4 h6 46. h4 gxh4 47. gxh4 h5 48. Ke5 Bc2 49. Be1 f4 50. Kd4 Kf3 51. Bd2 Kg3 52. Be1+ Kg2 53. Kc3 Ba4 54. Kd3 f3 55. Ke3 b4 0-1